Herbal Medicine and Modern Drug Discovery: (Record no. 182519)
[ view plain ]
| 000 -LEADER | |
|---|---|
| fixed length control field | 00781nam a22002297a 4500 |
| 005 - DATE AND TIME OF LATEST TRANSACTION | |
| control field | 20220216115342.0 |
| 010 ## - LCCN (DPL NO) | |
| LC control number | ENG-130106 |
| 020 ## - INTERNATIONAL STANDARD BOOK NUMBER | |
| International Standard Book Number | 978-93-85995-52-1 |
| Terms of availability | 1495.00 |
| 035 ## - SYSTEM CONTROL NUMBER | |
| System control number | EN-113638 |
| 037 ## - SOURCE OF ACQUISITION | |
| Source of stock number/acquisition | DBAD/PUB |
| 082 ## - DEWEY DECIMAL CLASSIFICATION NUMBER | |
| Classification number | 615.321 |
| 245 ## - TITLE STATEMENT | |
| Title | Herbal Medicine and Modern Drug Discovery: |
| Statement of responsibility, etc | Edited by Abbas Ali Mahdi [et...all] |
| 250 ## - EDITION STATEMENT | |
| Edition statement | 2017 |
| 260 ## - PUBLICATION, DISTRIBUTION, ETC. (IMPRINT) | |
| Place of publication, distribution, etc | New Delhi |
| Name of publisher, distributor, etc | Lenin Media Private Limited |
| Date of publication, distribution, etc | 2017 |
| 270 ## - ADDRESS | |
| Address | 204, IInd Floor ,Durga Complex CSC, Mayur Vihar, Phase-II |
| City | New Delhi |
| Postal code | 110092 |
| Telephone number | 9818148113 |
| Electronic mail address | leninmediapublishers@gmail.com |
| 300 ## - PHYSICAL DESCRIPTION | |
| Extent | 183p. |
| Dimensions | 24cm (hbk) |
| Other physical details | Reference |
| 700 ## - ADDED ENTRY--PERSONAL NAME | |
| Personal name | Abid, Murtaza |
| 700 ## - ADDED ENTRY--PERSONAL NAME | |
| Personal name | Khan, M.M. Abid Ali |
| 700 ## - ADDED ENTRY--PERSONAL NAME | |
| Personal name | Naqvi T.S |
| 700 ## - ADDED ENTRY--PERSONAL NAME | |
| Personal name | Maheshwari, K. Raaz |
| 942 ## - ADDED ENTRY ELEMENTS (KOHA) | |
| Source of classification or shelving scheme | Dewey Decimal Classification |
| Item type | English Books |
| Classification part | 615.321 |
| Call number suffix | HER |
| Withdrawn status | Lost status | Not for loan | Collection code | Home library | Current library | Date acquired | Source of acquisition | Cost, normal purchase price | Full call number | Barcode | Copy number | Cost, replacement price | Koha item type |
|---|---|---|---|---|---|---|---|---|---|---|---|---|---|
| Non-fiction | Ashok Vihar | Ashok Vihar | 18/11/2021 | DBAD/PUB | 1495.00 | 615.321 HER | EN-113638 | 1 | 1495.00 | English Books |
